Identifikácia predpokladov a možností prekonávania technologickej a inovačnej medzery SR zhrnutie
Salvato in:
| Autore principale: | |
|---|---|
| Altri autori: | , , , , , , , , , , |
| Natura: | Libro |
| Lingua: | slovacco |
| Pubblicazione: |
Bratislava
Ústav slovenskej a svetovej ekonomiky SAV
2005
|
| Soggetti: | |
| Tags: |
Nessun Tag, puoi essere il primo ad aggiungerne!!
|
MARC
| LEADER | 00000nam$a2200000$$$4500 | ||
|---|---|---|---|
| 001 | 0030814 | ||
| 005 | 20240223110201.2 | ||
| 020 | |a 80-7144-144-9 | ||
| 041 | 0 | |a slo | |
| 044 | |a SK | ||
| 245 | 1 | 0 | |a Identifikácia predpokladov a možností prekonávania technologickej a inovačnej medzery SR |b zhrnutie |c [vedúci autorského kolektívu: Antonín Klas] |
| 264 | 1 | |a Bratislava |b Ústav slovenskej a svetovej ekonomiky SAV |c 2005 | |
| 300 | |a 32 s. | ||
| 610 | 2 | 0 | |a technológia |
| 610 | 2 | 0 | |a inovácia |
| 610 | 2 | 0 | |a zdroje ľudské |
| 610 | 2 | 0 | |a výskum |
| 610 | 2 | 0 | |a vývoj |
| 610 | 2 | 0 | |a korporácie |
| 610 | 2 | 0 | |a korporácie transnacionálne |
| 610 | 2 | 0 | |a prostredie podnikateľské |
| 610 | 2 | 0 | |a vlastníctvo duševné |
| 610 | 2 | 0 | |a financovanie |
| 610 | 2 | 0 | |a trh práce |
| 610 | 2 | 0 | |a regionalizácia |
| 610 | 2 | 0 | |a Slovensko |
| 610 | 2 | 0 | |a Európska únia |
| 100 | 1 | |a Klas, Antonín | |
| 700 | 1 | |a Brzica, Daneš | |
| 700 | 1 | |a Frank, Karol | |
| 700 | 1 | |a Gabrielová, Herta | |
| 700 | 1 | |a Chovan, Igor | |
| 700 | 1 | |a Juríčková, Vilma | |
| 700 | 1 | |a Košta, Ján | |
| 700 | 1 | |a Morvay, Karol, 1973- | |
| 700 | 1 | |a Petrík, Boris | |
| 700 | 1 | |a Staněk, Peter | |
| 700 | 1 | |a Šujan, Ivan | |
| 700 | 1 | |a Vokoun, Jaroslav | |